[Event "Salamanca Unamuno Cup"]
[Site "Salamanca"]
[Date "2021.12.06"]
[Round "7"]
[White "Fidalgo Fernandez, Lucia"]
[Black "Odriozola Coscolin, Alex"]
[Result "1/2-1/2"]
[WhiteElo "2030"]
[BlackElo "1903"]
[PlyCount "58"]
[EventDate "2021.12.03"]
[EventType "swiss"]
[EventRounds "9"]
[EventCountry "ESP"]
[SourceTitle "EXT 2023"]
[Source "ChessBase"]
[SourceDate "2022.10.05"]
[SourceVersion "1"]
[SourceVersionDate "2022.10.05"]
[SourceQuality "1"]

1. d4 Nf6 2. Bf4 g6 3. Nc3 d5 4. e3 Bg7 5. h4 0-0 6. h5 b6 7. Be2 c5 8. g4 Nc6 9. Bf3 e6 10. Qd2 Ne8 11. Nge2 g5 12. h6 Bh8 13. Bg3 Bf6 14. 0-0-0 Ba6 15. Rh5 Rc8 16. Kb1 Nd6 17. Bxd6 Qxd6 18. dxc5 Qxc5 19. Nd4 Nxd4 20. exd4 Qe7 21. Re1 Qd8 22. Bd1 Kh8 23. Ne2 Be7 24. Ng1 Rc6 25. Nf3 f6 26. Ng1 Bc8 27. Be2 Bd7 28. Bd3 Be8 29. Rh1 Rg8 1/2-1/2

[Event "ESP-chT CECLUB Div2"]
[Site "Linares"]
[Date "2021.08.12"]
[Round "5.5"]
[White "Fidalgo Fernandez, Lucia"]
[Black "Castilla Leon Salas, Carlos"]
[Result "0-1"]
[WhiteElo "2060"]
[BlackElo "2194"]
[PlyCount "104"]
[EventDate "2021.08.09"]
[EventType "team-swiss"]
[EventRounds "7"]
[EventCountry "ESP"]
[SourceTitle "CBM 203 Extra"]
[Source "ChessBase"]
[SourceDate "2021.09.30"]
[SourceVersion "1"]
[SourceVersionDate "2021.09.30"]
[SourceQuality "1"]
[WhiteTeam "Covadonga Cultura"]
[BlackTeam "Reina Brillante"]
[WhiteTeamCountry "ESP"]
[BlackTeamCountry "ESP"]

1. d4 Nf6 2. c4 g6 3. g3 Bg7 4. Bg2 0-0 5. Nf3 d6 6. 0-0 Nc6 7. Nc3 Bg4 8. h3 Bxf3 9. Bxf3 Nd7 10. e3 e5 11. d5 Ne7 12. Bg2 f5 13. f4 e4 14. Ne2 Nc5 15. Nd4 a5 16. Rb1 c6 17. dxc6 bxc6 18. b3 Qd7 19. Bb2 Rfb8 20. Bc3 Nd3 21. Qd2 d5 22. Nc2 Nc8 23. Bxg7 Qxg7 24. cxd5 cxd5 25. Nd4 Nd6 26. a4 Nb7 27. Rfd1 Nbc5 28. Bf1 Rc8 29. Be2 Qf6 30. Kh2 h5 31. Rg1 Kf7 32. Rg2 Rcb8 33. Qc2 Rc8 34. Qd2 Qd8 35. Kh1 Rab8 36. Nb5 Nb4 37. Qd4 Qf6 38. Qd2 Ncd3 39. Bd1 Rc5 40. Nd4 Rbc8 41. Rh2 Rc1 42. Rxc1 Rxc1 43. Rg2 Qe7 44. Kh2 Qd8 45. Ne2 Ra1 46. Rg1 Qf6 47. Bc2 Ra2 48. Nd4 Qxd4 49. exd4 Rxc2 50. Qxc2 Nxc2 51. Rb1 e3 52. b4 Ncxb4 0-1

[Event "ESP-chT CECLUB Div2"]
[Site "Linares"]
[Date "2018.08.16"]
[Round "4.3"]
[White "Fidalgo Fernandez, Lucia"]
[Black "Pascual Palomo, Lucia"]
[Result "1-0"]
[WhiteElo "2085"]
[BlackElo "2119"]
[PlyCount "105"]
[EventDate "2018.08.14"]
[EventType "team-swiss"]
[EventRounds "7"]
[EventCountry "ESP"]
[SourceTitle "CBM 186 Extra"]
[Source "ChessBase"]
[SourceDate "2018.08.24"]
[SourceVersion "1"]
[SourceVersionDate "2018.08.24"]
[SourceQuality "1"]
[WhiteTeam "Covadonga Cultura"]
[BlackTeam "Villalba 64"]
[WhiteTeamCountry "ESP"]
[BlackTeamCountry "ESP"]

1. d4 Nf6 2. Nc3 e6 3. Bg5 d5 4. e3 b6 5. f4 Be7 6. Nf3 Bb7 7. Bd3 a6 8. a4 c5 9. 0-0 Qc7 10. Ne5 Nc6 11. Nxc6 Bxc6 12. f5 c4 13. Be2 Qd7 14. fxe6 Qxe6 15. e4 Nxe4 16. Bg4 Qd6 17. Bf4 Qd8 18. Nxe4 dxe4 19. Be5 f6 20. Bg3 Bd5 21. Qe2 g6 22. b3 b5 23. c3 0-0 24. b4 f5 25. Bh3 bxa4 26. Rxa4 a5 27. Rfa1 f4 28. Be1 f3 29. gxf3 Rxf3 30. Bg2 Rf4 31. Bg3 Rf3 32. Bxf3 exf3 33. Qe5 Bf6 34. Qd6 Qxd6 35. Bxd6 Rd8 36. Bc7 Re8 37. Rxa5 Be4 38. Kf2 Bd3 39. Ra8 Bh4+ 40. Bg3 Bd8 41. Re1 Be2 42. Rea1 Kf8 43. b5 Bd3 44. R1a2 h5 45. h4 Be4 46. Rb8 Kf7 47. b6 Bxh4 48. Ra7+ Be7 49. Rxe8 Kxe8 50. b7 Bxb7 51. Rxb7 h4 52. Bh2 g5 53. Kxf3 1-0

[Event "ESP-chT CECLUB Div2"]
[Site "Linares"]
[Date "2018.08.15"]
[Round "3.8"]
[White "Fidalgo Fernandez, Lucia"]
[Black "Busto Prendes, Abel"]
[Result "1-0"]
[WhiteElo "2085"]
[BlackElo "1977"]
[PlyCount "51"]
[EventDate "2018.08.14"]
[EventType "team-swiss"]
[EventRounds "7"]
[EventCountry "ESP"]
[SourceTitle "CBM 186 Extra"]
[Source "ChessBase"]
[SourceDate "2018.08.24"]
[SourceVersion "1"]
[SourceVersionDate "2018.08.24"]
[SourceQuality "1"]
[WhiteTeam "Covadonga Cultura"]
[BlackTeam "Grupo 64"]
[WhiteTeamCountry "ESP"]
[BlackTeamCountry "ESP"]

1. Nf3 Nf6 2. d4 g6 3. Nc3 d5 4. Bf4 Bg7 5. Qd2 0-0 6. Bh6 Nbd7 7. h4 Bxh6 8. Qxh6 Ng4 9. Qf4 h5 10. Nxd5 c6 11. Nc3 Qb6 12. Nd1 c5 13. c3 Ndf6 14. dxc5 Qxc5 15. e3 e5 16. Qc4 Qd6 17. Qb4 Qc7 18. Ng5 Rd8 19. Bc4 Rf8 20. Qb3 b6 21. e4 Bb7 22. f3 Nh6 23. Ne3 Qc5 24. Ke2 Rac8 25. Rad1 Kg7 26. Bxf7 1-0

[Event "ESP-ch (Women)"]
[Site "Linares"]
[Date "2013.08.22"]
[Round "6"]
[White "Fidalgo Fernandez, Lucia"]
[Black "Garcia Vicente, Nieves"]
[Result "1/2-1/2"]
[WhiteElo "2137"]
[BlackElo "2227"]
[PlyCount "124"]
[EventDate "2013.08.19"]
[EventType "swiss"]
[EventRounds "9"]
[EventCountry "ESP"]
[SourceTitle "CBM 156 Extra"]
[Source "ChessBase"]
[SourceDate "2013.10.22"]
[SourceVersion "1"]
[SourceVersionDate "2013.10.22"]
[SourceQuality "1"]

1. d4 d5 2. Bf4 e6 3. e3 Bd6 4. Bg3 Nf6 5. Nd2 c5 6. c3 0-0 7. Bd3 Nc6 8. Ngf3 Re8 9. Ne5 Bxe5 10. dxe5 Nd7 11. Nf3 Qc7 12. Bxh7+ Kxh7 13. Ng5+ Kg8 14. Nxf7 Nf8 15. Nd6 Re7 16. f4 Bd7 17. Bh4 Be8 18. Bxe7 Nxe7 19. Nxe8 Rxe8 20. g4 Rd8 21. Qf3 Qb6 22. Qf2 Nd7 23. 0-0 Rf8 24. Qd2 c4 25. h4 Nc5 26. Rae1 Nd3 27. Rb1 Nxf4 28. b3 Qc5 29. bxc4 dxc4 30. Kh2 Nfg6 31. Rxf8+ Nxf8 32. Qd4 Qa5 33. Qxc4 Qxe5+ 34. Qf4 Qxf4+ 35. exf4 b6 36. c4 Nd7 37. Rd1 Nc5 38. Rd8+ Kf7 39. Kg3 Nc6 40. Rc8 Na5 41. Rc7+ Kf8 42. Rxa7 Nxc4 43. h5 Ne4+ 44. Kf3 Ned6 45. g5 Kg8 46. Re7 Nf5 47. Ra7 Ncd6 48. Rc7 b5 49. Ra7 Kf8 50. Kg4 Ne3+ 51. Kf3 Nef5 52. Rc7 Ne7 53. Rd7 Nef5 54. Ra7 Kg8 55. Rd7 Kf8 56. h6 gxh6 57. gxh6 Kg8 58. h7+ Kh8 59. Kg4 Ne4 60. Kf3 Nc3 61. Ra7 Ng7 62. Kg4 e5 1/2-1/2

[Event "ESP-ch (Women)"]
[Site "Linares"]
[Date "2013.08.20"]
[Round "3"]
[White "Fidalgo Fernandez, Lucia"]
[Black "Calzetta Ruiz, Monica"]
[Result "0-1"]
[WhiteElo "2137"]
[BlackElo "2221"]
[PlyCount "124"]
[EventDate "2013.08.19"]
[EventType "swiss"]
[EventRounds "9"]
[EventCountry "ESP"]
[SourceTitle "CBM 156 Extra"]
[Source "ChessBase"]
[SourceDate "2013.10.22"]
[SourceVersion "1"]
[SourceVersionDate "2013.10.22"]
[SourceQuality "1"]

1. d4 Nf6 2. Bg5 Ne4 3. Bf4 c5 4. f3 Nf6 5. dxc5 e5 6. Bxe5 Bxc5 7. Bd4 Bxd4 8. Qxd4 0-0 9. Nc3 d5 10. e3 Nc6 11. Qd2 Re8 12. 0-0-0 Qb6 13. g4 Qxe3 14. Qxe3 Rxe3 15. g5 d4 16. Nb5 Nd5 17. Ne2 d3 18. Rxd3 Rxd3 19. cxd3 Ndb4 20. Ned4 Nxa2+ 21. Kd2 Bd7 22. Bg2 a6 23. Nxc6 Bxc6 24. Nd4 Bd5 25. Bh3 Nb4 26. Bf5 g6 27. Be4 Rd8 28. Ke3 Rc8 29. Kd2 Rd8 30. Ke3 h6 31. h4 hxg5 32. hxg5 Rc8 33. Kd2 Rc5 34. Rg1 Kf8 35. Rg2 b6 36. Rg4 a5 37. Rg2 Ke7 38. Rg4 Kd6 39. Rg2 Ke5 40. Ke3 Rc1 41. f4+ Kd6 42. f5 Re1+ 43. Kf4 Nxd3+ 44. Bxd3 Bxg2 45. fxg6 fxg6 46. Bxg6 Kc5 47. Nb3+ Kb4 48. Nd4 Rd1 49. Ke3 Bd5 50. Bc2 Rg1 51. g6 a4 52. Kf4 b5 53. Bd3 Bc4 54. Be4 Kc5 55. Nf3 Rg2 56. Ne5 Rxb2 57. g7 Bg8 58. Nd3+ Kd4 59. Nxb2 a3 60. Bb1 b4 61. Na4 b3 62. Nb2 a2 0-1

[Event "ESP-ch (Women)"]
[Site "Linares"]
[Date "2013.08.19"]
[Round "2"]
[White "Hernandez Estevez, Yudania"]
[Black "Fidalgo Fernandez, Lucia"]
[Result "0-1"]
[WhiteElo "2230"]
[BlackElo "2137"]
[PlyCount "77"]
[EventDate "2013.08.19"]
[EventType "swiss"]
[EventRounds "9"]
[EventCountry "ESP"]
[SourceTitle "CBM 156 Extra"]
[Source "ChessBase"]
[SourceDate "2013.10.22"]
[SourceVersion "1"]
[SourceVersionDate "2013.10.22"]
[SourceQuality "1"]

1. e4 c5 2. Nf3 d6 3. Bb5+ Bd7 4. Bxd7+ Qxd7 5. 0-0 Nc6 6. Qe2 e6 7. Rd1 Be7 8. d4 cxd4 9. Nxd4 Nf6 10. c4 Nxd4 11. Rxd4 Qc6 12. Nc3 Rc8 13. b3 a6 14. Ba3 0-0 15. Rad1 Rfd8 16. R4d3 Qc7 17. R1d2 Qa5 18. Nb1 Qc7 19. Bb2 Nd7 20. Nc3 Ne5 21. Rg3 Ng6 22. Qd1 Bh4 23. Rh3 Bg5 24. Rc2 Bf6 25. g3 b5 26. Qh5 bxc4 27. Qxh7+ Kf8 28. g4 Ke7 29. Nd5+ exd5 30. Bxf6+ gxf6 31. Rf3 Rg8 32. exd5 Ne5 33. Re3 Rxg4+ 34. Kf1 Qb7 35. Qf5 Rcg8 36. bxc4 R8g5 37. Qd3 Kf8 38. Qa3 Qb1+ 39. Rc1 0-1

[Event "Benidorm (Women) 3rd"]
[Site "Benidorm"]
[Date "2012.12.09"]
[Round "9"]
[White "Fidalgo Fernandez, Lucia"]
[Black "Guadamuro Torrente, Anabel"]
[Result "1/2-1/2"]
[WhiteElo "2163"]
[BlackElo "2215"]
[PlyCount "25"]
[EventDate "2012.12.04"]
[EventType "tourn"]
[EventRounds "9"]
[EventCountry "ESP"]
[EventCategory "2"]
[SourceTitle "EXT 2014"]
[Source "ChessBase"]
[SourceDate "2013.11.20"]
[SourceVersion "1"]
[SourceVersionDate "2013.11.20"]
[SourceQuality "1"]

1. d4 d5 2. c4 c6 3. Nf3 Nf6 4. cxd5 cxd5 5. Nc3 Nc6 6. a3 g6 7. Bg5 Bg7 8. e3 0-0 9. Bd3 h6 10. Bh4 e6 11. 0-0 Bd7 12. h3 Re8 13. Bg3 1/2-1/2

[Event "Benidorm (Women) 3rd"]
[Site "Benidorm"]
[Date "2012.12.08"]
[Round "7"]
[White "Fidalgo Fernandez, Lucia"]
[Black "Nicolas Zapata, Irene"]
[Result "0-1"]
[WhiteElo "2163"]
[BlackElo "2217"]
[PlyCount "38"]
[EventDate "2012.12.04"]
[EventType "tourn"]
[EventRounds "9"]
[EventCountry "ESP"]
[EventCategory "2"]
[SourceTitle "EXT 2014"]
[Source "ChessBase"]
[SourceDate "2013.11.20"]
[SourceVersion "1"]
[SourceVersionDate "2013.11.20"]
[SourceQuality "1"]

1. d4 Nf6 2. Bg5 d5 3. Bxf6 exf6 4. e3 Bd6 5. g3 c6 6. Bg2 f5 7. Ne2 Be6 8. Nd2 Nd7 9. 0-0 Nf6 10. b3 h5 11. h4 Ne4 12. Nf3 g5 13. Nxg5 Nxg5 14. hxg5 Qxg5 15. f4 Qg6 16. Kf2 h4 17. gxh4 Be7 18. Ng3 Bxh4 19. Qf3 Rg8 0-1

[Event "Benidorm (Women) 3rd"]
[Site "Benidorm"]
[Date "2012.12.06"]
[Round "5"]
[White "Fidalgo Fernandez, Lucia"]
[Black "Perera Borrego, Mariela"]
[Result "0-1"]
[WhiteElo "2163"]
[BlackElo "2088"]
[PlyCount "128"]
[EventDate "2012.12.04"]
[EventType "tourn"]
[EventRounds "9"]
[EventCountry "ESP"]
[EventCategory "2"]
[SourceTitle "EXT 2014"]
[Source "ChessBase"]
[SourceDate "2013.11.20"]
[SourceVersion "1"]
[SourceVersionDate "2013.11.20"]
[SourceQuality "1"]

1. d4 d6 2. Nf3 Nf6 3. Bf4 g6 4. e3 Bg7 5. h3 0-0 6. Be2 c5 7. c3 Qb6 8. Qb3 Nc6 9. Nbd2 Qxb3 10. axb3 Re8 11. Bh2 Bd7 12. 0-0 cxd4 13. exd4 e5 14. dxe5 dxe5 15. Nc4 Ne4 16. b4 b5 17. Na5 Nd8 18. Rfd1 Re7 19. Rd5 a6 20. Rad1 Nf6 21. Rxe5 Ne6 22. Bf1 Rc8 23. Ree1 Bc6 24. Nxc6 Rxc6 25. Nd4 Rc8 26. Nb3 Rd7 27. Rxd7 Nxd7 28. Rd1 Nb6 29. Nc1 Na4 30. Nd3 h5 31. Be2 Ng5 32. Bf4 Ne4 33. f3 Nf6 34. Be5 Re8 35. Re1 Nxb2 36. Nxb2 Rxe5 37. Nd3 Re7 38. Nc5 Nd5 39. Kf2 Bxc3 40. Rd1 Nxb4 41. Rd6 Be5 42. Rd8+ Kg7 43. Nb3 Bc7 44. Ra8 Bb6+ 45. Ke1 Re3 46. Nc1 Re6 47. Kd1 Be3 48. Nb3 Rd6+ 49. Ke1 Nc2+ 50. Kf1 Nd4 51. Nxd4 Bxd4 52. Bd3 Kf6 53. Be4 Rb6 54. Ke2 Bc3 55. Kd3 Be5 56. Bd5 Bb8 57. h4 Ke7 58. Ke4 f5+ 59. Kd4 Kd6 60. Bf7 Kc7 61. Bb3 Rd6+ 62. Ke5 Rd3 63. Kf6 Kb7 64. Bf7 Rd6+ 0-1

[Event "Benidorm (Women) 3rd"]
[Site "Benidorm"]
[Date "2012.12.05"]
[Round "3"]
[White "Guramishvili, Sopiko"]
[Black "Fidalgo Fernandez, Lucia"]
[Result "1-0"]
[WhiteElo "2403"]
[BlackElo "2163"]
[PlyCount "79"]
[EventDate "2012.12.04"]
[EventType "tourn"]
[EventRounds "9"]
[EventCountry "ESP"]
[EventCategory "2"]
[SourceTitle "EXT 2014"]
[Source "ChessBase"]
[SourceDate "2013.11.20"]
[SourceVersion "1"]
[SourceVersionDate "2013.11.20"]
[SourceQuality "1"]

1. Nf3 Nf6 2. c4 c5 3. g3 d6 4. Bg2 g6 5. d4 Bg7 6. d5 b5 7. cxb5 a6 8. bxa6 Bxa6 9. Nc3 0-0 10. Rb1 Nbd7 11. 0-0 Qc7 12. b3 Rfb8 13. Bb2 Qa5 14. Qd2 Ra7 15. Rfe1 Ne8 16. h4 Bc8 17. h5 Nb6 18. hxg6 hxg6 19. e4 Bg4 20. Ng5 Be5 21. Bf3 Bd7 22. Ba1 Nc7 23. Be2 Bb5 24. Rec1 Nd7 25. Kg2 Bxe2 26. Qxe2 f6 27. Ne6 Nxe6 28. dxe6 Nf8 29. Qg4 Qc7 30. Rh1 Qc8 31. Rh6 Qxe6 32. Rxg6+ Kf7 33. Rg7+ Ke8 34. Qh5+ Kd7 35. Nd5 Kc6 36. Bxe5 dxe5 37. b4 f5 38. Rc1 fxe4 39. Rxc5+ Kd6 40. Nc7 1-0

[Event "Benidorm (Women) 3rd"]
[Site "Benidorm"]
[Date "2012.12.04"]
[Round "1"]
[White "Zimina, Olga"]
[Black "Fidalgo Fernandez, Lucia"]
[Result "1-0"]
[WhiteElo "2343"]
[BlackElo "2163"]
[PlyCount "67"]
[EventDate "2012.12.04"]
[EventType "tourn"]
[EventRounds "9"]
[EventCountry "ESP"]
[EventCategory "2"]
[SourceTitle "EXT 2014"]
[Source "ChessBase"]
[SourceDate "2013.11.20"]
[SourceVersion "1"]
[SourceVersionDate "2013.11.20"]
[SourceQuality "1"]

1. Nf3 c5 2. c4 g6 3. d4 Bg7 4. e4 cxd4 5. Nxd4 Nc6 6. Be3 Nf6 7. Nc3 d6 8. Be2 0-0 9. 0-0 a6 10. f3 Qc7 11. Rc1 e6 12. Nd5 exd5 13. cxd5 Bd7 14. dxc6 bxc6 15. Qd2 Qb7 16. Nb3 Ne8 17. Rfd1 a5 18. Nxa5 Qxb2 19. Rc2 Qf6 20. Nxc6 Bxc6 21. Rxc6 Qe7 22. Ra6 Rxa6 23. Bxa6 f5 24. Bc4+ Kh8 25. exf5 Rxf5 26. Bd4 Nf6 27. Re1 Qd8 28. a4 Ne8 29. Bb5 Rf8 30. a5 Bxd4+ 31. Qxd4+ Ng7 32. a6 Rf6 33. a7 Qa5 34. a8Q+ 1-0

[Event "Vecindario Canarias op 4th"]
[Site "Vecindario"]
[Date "2010.07.25"]
[Round "9"]
[White "Fidalgo Fernandez, Lucia"]
[Black "Martinez Martin, David"]
[Result "0-1"]
[WhiteElo "2102"]
[BlackElo "2406"]
[PlyCount "34"]
[EventDate "2010.07.18"]
[EventType "swiss"]
[EventRounds "9"]
[EventCountry "ESP"]
[SourceTitle "CBM 137 Extra"]
[Source "ChessBase"]
[SourceDate "2010.09.01"]
[SourceVersion "1"]
[SourceVersionDate "2010.09.01"]
[SourceQuality "1"]

1. d4 Nf6 2. c4 g6 3. Nc3 Bg7 4. e4 d6 5. f3 0-0 6. Be3 Nfd7 7. Bd3 c5 8. d5 Ne5 9. Nge2 Nbd7 10. b3 Nxd3+ 11. Qxd3 b5 12. cxb5 a6 13. Rc1 axb5 14. Qd2 b4 15. Nd1 Qa5 16. Rc2 Ba6 17. Nc1 f5 0-1

[Event "Vecindario Canarias op 4th"]
[Site "Vecindario"]
[Date "2010.07.22"]
[Round "6"]
[White "Diaz Suarez, Cayetano"]
[Black "Fidalgo Fernandez, Lucia"]
[Result "0-1"]
[WhiteElo "1847"]
[BlackElo "2102"]
[PlyCount "74"]
[EventDate "2010.07.18"]
[EventType "swiss"]
[EventRounds "9"]
[EventCountry "ESP"]
[SourceTitle "CBM 137 Extra"]
[Source "ChessBase"]
[SourceDate "2010.09.01"]
[SourceVersion "1"]
[SourceVersionDate "2010.09.01"]
[SourceQuality "1"]

1. e4 c5 2. Nc3 Nc6 3. g3 g6 4. Bg2 Bg7 5. d3 d6 6. Be3 e6 7. Nh3 Nge7 8. 0-0 Rb8 9. Qd2 Nd4 10. Nd1 0-0 11. c3 Ndc6 12. Bh6 e5 13. Bxg7 Kxg7 14. f4 f5 15. Ne3 Bd7 16. Nc4 Qc7 17. Rae1 b5 18. Ne3 b4 19. Nc4 h6 20. Qe3 fxe4 21. dxe4 Be6 22. Qe2 bxc3 23. bxc3 Qd7 24. fxe5 Bxh3 25. Bxh3 Qxh3 26. exd6 Ng8 27. Rxf8 Rxf8 28. e5 Qe6 29. Qe4 Nb8 30. Qb7+ Nd7 31. Qxa7 Qf5 32. Rc1 Rf7 33. Qa8 Nxe5 34. Nxe5 Qxe5 35. d7 Qe3+ 36. Kg2 Rf2+ 37. Kh3 Qe6+ 0-1

[Event "Vecindario Canarias op 4th"]
[Site "Vecindario"]
[Date "2010.07.21"]
[Round "5"]
[White "Fidalgo Fernandez, Lucia"]
[Black "Garcia Padron, Jose"]
[Result "1/2-1/2"]
[WhiteElo "2102"]
[BlackElo "2455"]
[PlyCount "60"]
[EventDate "2010.07.18"]
[EventType "swiss"]
[EventRounds "9"]
[EventCountry "ESP"]
[SourceTitle "CBM 137 Extra"]
[Source "ChessBase"]
[SourceDate "2010.09.01"]
[SourceVersion "1"]
[SourceVersionDate "2010.09.01"]
[SourceQuality "1"]

1. d4 Nf6 2. c4 e6 3. Nc3 d5 4. Nf3 Be7 5. Bg5 0-0 6. e3 h6 7. Bf4 c5 8. dxc5 Bxc5 9. Be2 Bb4 10. Qb3 Qa5 11. Rc1 dxc4 12. Bxc4 Ne4 13. 0-0 Nxc3 14. bxc3 Ba3 15. Rb1 b6 16. Ne5 Be7 17. Qd1 a6 18. Qf3 Ra7 19. Qg3 Qc5 20. Bxh6 Bf6 21. Ng4 Bxc3 22. Bxg7 Kxg7 23. Ne5+ Kh7 24. Qh4+ Kg7 25. Qg5+ Kh8 26. Qf6+ Kg8 27. Qg5+ Kh8 28. Qf6+ Kg8 29. Qg5+ Kh8 30. Qf6+ Kg8 1/2-1/2

[Event "Vecindario Canarias op 4th"]
[Site "Vecindario"]
[Date "2010.07.20"]
[Round "4"]
[White "Korneev, Svyatoslav"]
[Black "Fidalgo Fernandez, Lucia"]
[Result "0-1"]
[WhiteElo "1724"]
[BlackElo "2102"]
[PlyCount "72"]
[EventDate "2010.07.18"]
[EventType "swiss"]
[EventRounds "9"]
[EventCountry "ESP"]
[SourceTitle "CBM 137 Extra"]
[Source "ChessBase"]
[SourceDate "2010.09.01"]
[SourceVersion "1"]
[SourceVersionDate "2010.09.01"]
[SourceQuality "1"]

1. c4 e5 2. Nc3 Nc6 3. g3 Bb4 4. Bg2 Bxc3 5. dxc3 d6 6. e4 Be6 7. Qd3 Nge7 8. Nf3 h6 9. Nh4 Qd7 10. Be3 g5 11. Nf3 f5 12. Ng1 f4 13. Bd2 0-0-0 14. 0-0-0 Ng6 15. h4 fxg3 16. hxg5 gxf2 17. Nf3 h5 18. Be3 h4 19. Qe2 h3 20. Bf1 Bg4 21. Qxf2 Rdf8 22. Be2 Bxf3 23. Bxf3 Nh4 24. Rdf1 Rxf3 25. Qg1 Rxf1+ 26. Qxf1 Ng6 27. Qf6 Nce7 28. Qf3 a6 29. b3 h2 30. Qf2 Qh3 31. Bd2 Nf4 32. Bxf4 exf4 33. Qd4 Qe3+ 34. Qxe3 fxe3 35. Kc2 Ng6 36. Kd3 Rh3 0-1

[Event "BCF-chT1b 0910 (4NCL)"]
[Site "England"]
[Date "2010.02.21"]
[Round "6.8"]
[White "Fidalgo Fernandez, Lucia"]
[Black "Grigoryan, Meri"]
[Result "1/2-1/2"]
[WhiteElo "2150"]
[BlackElo "2125"]
[PlyCount "60"]
[EventDate "2009.10.24"]
[EventType "team-tourn"]
[EventRounds "7"]
[EventCountry "ENG"]
[SourceTitle "EXT 2011"]
[Source "ChessBase"]
[SourceDate "2010.11.26"]
[SourceVersion "1"]
[SourceVersionDate "2010.11.26"]
[SourceQuality "1"]
[WhiteTeam "White Rose"]
[BlackTeam "Guildford"]
[WhiteTeamCountry "ENG"]
[BlackTeamCountry "ENG"]

1. d4 d5 2. Nf3 c6 3. c4 dxc4 4. a4 e6 5. e3 Nf6 6. Nc3 b6 7. Bxc4 Ba6 8. Qe2 Qc8 9. Ne5 Bb4 10. Bd2 Bxc4 11. Qxc4 a5 12. Nb5 Bxd2+ 13. Kxd2 0-0 14. Rhc1 c5 15. Ke2 Na6 16. Nd3 Nd7 17. dxc5 Naxc5 18. Nxc5 Nxc5 19. Nd4 Rd8 20. b4 axb4 21. a5 b3 22. Rab1 Rxa5 23. Nxb3 Ra2+ 24. Kf1 Ra4 25. Qb5 Qa6 26. Nxc5 bxc5 27. Qxa6 Rxa6 28. Rxc5 Ra2 29. Rbc1 g6 30. R5c2 Rd2 1/2-1/2

[Event "BCF-chT1b 0910 (4NCL)"]
[Site "England"]
[Date "2010.01.17"]
[Round "4.8"]
[White "Tiller, Bjorn"]
[Black "Fidalgo Fernandez, Lucia"]
[Result "1-0"]
[WhiteElo "2378"]
[BlackElo "2150"]
[PlyCount "97"]
[EventDate "2009.10.24"]
[EventType "team-tourn"]
[EventRounds "7"]
[EventCountry "ENG"]
[SourceTitle "EXT 2011"]
[Source "ChessBase"]
[SourceDate "2010.11.26"]
[SourceVersion "1"]
[SourceVersionDate "2010.11.26"]
[SourceQuality "1"]
[WhiteTeam "Wood Green Hilsmark Kingfisher II"]
[BlackTeam "White Rose"]
[WhiteTeamCountry "ENG"]
[BlackTeamCountry "ENG"]

1. b4 d5 2. Bb2 Bf5 3. e3 e6 4. c4 c6 5. Nf3 Nf6 6. a3 a5 7. b5 cxb5 8. cxb5 Nbd7 9. a4 Rc8 10. Nc3 Bb4 11. Rc1 Nc5 12. Na2 0-0 13. Bc3 Ba3 14. Ra1 Nfe4 15. Bd4 f6 16. d3 Nd6 17. Be2 e5 18. Bxc5 Bxc5 19. d4 exd4 20. Nxd4 Bxd4 21. Qxd4 Ne4 22. 0-0 Nc5 23. Nc3 Nb3 24. Qxd5+ Qxd5 25. Nxd5 Nxa1 26. Ne7+ Kh8 27. Nxc8 Rxc8 28. Rxa1 Kg8 29. Bf3 b6 30. g4 Be6 31. Rd1 Kf8 32. Rd6 Bb3 33. Rxb6 Bxa4 34. Kg2 Bb3 35. Ra6 Bc4 36. Rxa5 Rb8 37. Bc6 Ke7 38. Kg3 Ke6 39. h4 Kd6 40. Ra7 Rg8 41. Rb7 Kc5 42. h5 Bd3 43. f4 Be2 44. e4 Bc4 45. Kf3 Be6 46. f5 Bc4 47. h6 gxh6 48. Rxh7 Bb3 49. Rxh6 1-0

[Event "ESP-chT Autonomicas 4th"]
[Site "Villava"]
[Date "2009.05.02"]
[Round "5"]
[White "Munoz Perez, Miriam"]
[Black "Fidalgo Fernandez, Lucia"]
[Result "1/2-1/2"]
[WhiteElo "2065"]
[BlackElo "2102"]
[PlyCount "129"]
[EventDate "2009.04.30"]
[EventType "team-tourn"]
[EventRounds "6"]
[EventCountry "ESP"]
[SourceTitle "CBM 130 Extra"]
[Source "ChessBase"]
[SourceDate "2009.07.02"]
[SourceVersion "2"]
[SourceVersionDate "2009.07.15"]
[SourceQuality "1"]

1. e4 c5 2. Nf3 a6 3. d4 cxd4 4. Nxd4 Nf6 5. Nc3 e5 6. Nf3 Bb4 7. Bd2 Qc7 8. a3 Bxc3 9. Bxc3 d6 10. Bd3 0-0 11. h3 Nbd7 12. 0-0 Nc5 13. Re1 b5 14. Bb4 Bb7 15. Nd2 Na4 16. b3 Nc5 17. Qe2 Ne6 18. c4 Nf4 19. Qe3 Bc6 20. cxb5 axb5 21. Rac1 Qb7 22. Bb1 Rfd8 23. Nf3 Ne8 24. Kh2 f5 25. Nxe5 dxe5 26. Qc5 Rd6 27. Qxe5 Ng6 28. Qxf5 Rf6 29. Qc5 Nc7 30. e5 Na6 31. Qe3 Nxe5 32. Qxe5 Nxb4 33. axb4 Bxg2 34. Rc7 Qf3 35. Qg3 Qxg3+ 36. Kxg3 Bd5 37. Ree7 Bf7 38. Bxh7+ Kxh7 39. Rxf7 Rg6+ 40. Kh2 Ra1 41. Rf3 Ra2 42. Rc5 Rb6 43. Kg3 Re2 44. h4 Kg6 45. Rg5+ Kh6 46. Rf8 g6 47. Rh8+ Kg7 48. Rc8 Kh6 49. Rc3 Re4 50. Rg4 Re5 51. Re3 Rd5 52. Rge4 Rd2 53. Re2 Rd3+ 54. R4e3 Rd4 55. Re4 Rd3+ 56. R2e3 Rd2 57. Rf3 Rbd6 58. Re5 Rb6 59. Kg4 Rd4+ 60. Rf4 Rd3 61. Re3 Rbd6 62. Kf3 R6d4 63. Rxd4 Rxd4 64. Re4 Rd3+ 65. Re3 1/2-1/2

[Event "ESP-chT Autonomicas 4th"]
[Site "Villava"]
[Date "2009.05.01"]
[Round "3"]
[White "Pascual Palomo, Lucia"]
[Black "Fidalgo Fernandez, Lucia"]
[Result "0-1"]
[WhiteElo "2162"]
[BlackElo "2102"]
[PlyCount "116"]
[EventDate "2009.04.30"]
[EventType "team-tourn"]
[EventRounds "6"]
[EventCountry "ESP"]
[SourceTitle "CBM 130 Extra"]
[Source "ChessBase"]
[SourceDate "2009.07.02"]
[SourceVersion "2"]
[SourceVersionDate "2009.07.15"]
[SourceQuality "1"]

1. e4 c5 2. Nf3 d6 3. d4 cxd4 4. Nxd4 Nf6 5. Nc3 a6 6. Be2 e6 7. 0-0 Be7 8. Be3 0-0 9. a4 Nc6 10. f4 Qc7 11. Nb3 b6 12. Bf3 Rb8 13. Qe2 Na5 14. Nd2 Nd7 15. g4 Bf6 16. Ra3 Be7 17. Kh1 Bb7 18. Bg2 e5 19. f5 Rfc8 20. g5 f6 21. g6 h6 22. Qg4 Bf8 23. Rf3 d5 24. Nxd5 Bxd5 25. exd5 Qxc2 26. Ra1 Nc4 27. Nxc4 Rxc4 28. Qg3 Qxb2 29. Rff1 Bd6 30. Rfb1 Qc3 31. Qf2 Qc2 32. Qf1 Rxa4 33. Rxa4 Qxa4 34. Qc1 Nc5 35. Bxc5 Rc8 36. Rxb6 Rxc5 37. Qb1 Rb5 38. Rxb5 Qxb5 39. Qc1 Qb7 40. h3 a5 41. Qc2 a4 42. Be4 a3 43. Qa4 Kf8 44. Qc4 Ke7 45. Bc2 Qc7 46. Qb3 Qa7 47. Bb1 Qb8 48. Qxb8 Bxb8 49. Kg2 Kd6 50. Ba2 e4 51. Kf2 Ke5 52. h4 Kxf5 53. Ke3 Ba7+ 54. Kd2 Ke5 55. h5 f5 56. Bb3 Bc5 57. Ba2 f4 58. Ke2 f3+ 0-1